| 000 -Etiqueta do registo | |
|---|---|
| campo de controlo de comprimento fixo | 009890000a22002650004500 |
| 001 - Identificador do registo | |
| Campo de controlo | 52530 |
| 010 ## - ISBN | |
| Número (ISBN) | 978-989-95705-8-0 |
| 021 ## - Nº depósito legal | |
| Código do país | Portugal |
| Número | 325456/11 |
| 100 ## - Dados Gerais de Proc. | |
| Dados gerais de processamento | 20180105d2018 k y0pory5003 ba |
| 101 0# - Língua da publicação | |
| Língua do texto, banda sonora, etc. | Português |
| 102 ## - País de Publicação | |
| País de publicação | Portugal |
| 200 1# - Título | |
| Título próprio | O que é que se passa aqui? |
| Primeira menção de responsabilidade | Manuela Micaelo |
| Outras menções de responsabilidade | il. Raquel Pinheiro |
| 210 ## - Publicação, Distribuição | |
| Lugar da edição, distribuição, etc. | [Cascais] |
| Nome do editor, distribuidor, etc. | Cercica |
| Data da publicação, distribuição, etc. | 2011 |
| 215 ## - Descrição física | |
| Descrição física | 39, [2] p. |
| Outras indicações físicas | muito il. |
| Material acompanhante | + 1 DVD |
| 606 ## - Nome comum | |
| Koha Internal code | 2108 |
| Elemento de entrada | Literatura infantojuvenil |
| Subdivisão de assunto | Conto |
| 675 ## - CDU | |
| Notação | 821.134.3-34 |
| Edição | BN |
| Língua da edição | Português |
| 675 ## - CDU | |
| Notação | 087.5-053.4 |
| Edição | BN |
| Língua da edição | Português |
| 700 #1 - Responsabilidade principal | |
| Koha Internal Code | 31750 |
| Palavra de ordem | Micaelo |
| Outra parte do nome | Manuela |
| Datas | 1967- |
| 702 #1 - Responsabilidade secundária | |
| Koha Internal Code | 36695 |
| Código de função | Ilustrador |
| Palavra de ordem | Pinheiro |
| Outra parte do nome | Raquel |
| Datas | 1976- |
| 801 ## - Fonte de origem | |
| País | Portugal |
| Data da última transacção | 20180105 |
| 856 ## - Localização e acesso electrónico | |
| URL | <a href="http://www.editoracercica.com/manuela-micaelo">http://www.editoracercica.com/manuela-micaelo</a> |
| Nota para informação ao público | mais informação |
| 859 ## - Imagem da capa | |
| Uniform Resource Location (URL) | https://img.wook.pt/images/o-que-e-que-se-passa-aqui-manuela-micaelo/MXwxMTg3NjQ5Mnw3NDQ3ODM0fDEzODM1MjMyMDAwMDA=/260x |
| Nota informativa | capa |
| 090 ## - Números de controlo do sistema (Koha) | |
| Número biblioitem do Koha (gerado automaticamente) | 52530 |
| 942 ## - Elementos de entrada adicionados (Koha) | |
| Tipo de item no Koha | Monografias |
| Suprimido | Disponível no OPAC |
| 999 ## - Campo local | |
| Campo local | 52530 |
| Perdido (estado) | Data de aquisição | Origem do registo (biblioteca) (codificado) | Código da organização que empresta ou é detentora (biblioteca) | Código de barras | Cota | Tipo de circulação (não pode ser emprestado) | Tipo de item e material |
|---|---|---|---|---|---|---|---|
| Disponível | 2018-01-05 | Biblioteca EB23 D. Paio Peres Correia | Biblioteca EB23 D. Paio Peres Correia | BEBDPPC8474 | 82-34 MIC | Normal | Monografias |